[Event "Warsaw YMCA Winter-A 296th"]
[Site "Warsaw"]
[Date "2025.03.21"]
[Round "11"]
[White "Urych, Krzysztof"]
[Black "Bobinski, Lukasz"]
[Result "1/2-1/2"]
[WhiteElo "1937"]
[BlackElo "1841"]
[PlyCount "92"]
[EventDate "2025.01.10"]
[EventType "tourn"]
[EventRounds "11"]
[EventCountry "POL"]
[SourceTitle "CB14_2025"]
[SourceDate "2024.11.01"]
[SourceVersion "1"]
[SourceVersionDate "2024.11.01"]
[SourceQuality "1"]

1. e4 c5 2. Nf3 e6 3. d4 cxd4 4. Nxd4 Nf6 5. Nc3 Nc6 6. Nxc6 bxc6 7. e5 Nd5 8. Ne4 Qc7 9. f4 Qb6 10. c4 Bb4+ 11. Ke2 f5 12. exf6 Nxf6 13. Be3 Qd8 14. Nd6+ Bxd6 15. Qxd6 Bb7 16. c5 Nd5 17. Bd4 Qa5 18. Kf3 Qd2 19. Qe5 Nxf4 20. Bc3 Ng6 21. Qxe6+ dxe6 22. Bxd2 Rd8 23. Bc3 0-0+ 24. Ke3 Nf4 25. g3 Nd5+ 26. Ke4 Nxc3+ 27. bxc3 Rf5 28. Bh3 Rxc5 29. Bxe6+ Kf8 30. Rhf1+ Ke7 31. Bb3 Ba6 32. Rf7+ Ke8 33. Rxg7 Rxc3 34. Re1 Rd7 35. Rg8+ Ke7 36. Rg7+ Kd8 37. Rxd7+ Kxd7 38. Rd1+ Kc7 39. Kd4 Rf3 40. Rd2 h6 41. Ke4 Rc3 42. Kf5 Bd3+ 43. Ke5 c5 44. Kd5 c4 45. Kd4 Rc1 46. Rd1 Rxd1 1/2-1/2

[Event "Warsaw YMCA Winter-A 296th"]
[Site "Warsaw"]
[Date "2025.03.12"]
[Round "10"]
[White "Bobinski, Lukasz"]
[Black "Celinski, Kamil"]
[Result "1-0"]
[WhiteElo "1841"]
[BlackElo "1974"]
[PlyCount "91"]
[EventDate "2025.01.10"]
[EventType "tourn"]
[EventRounds "11"]
[EventCountry "POL"]
[SourceTitle "CB14_2025"]
[SourceDate "2024.11.01"]
[SourceVersion "1"]
[SourceVersionDate "2024.11.01"]
[SourceQuality "1"]

1. e4 e5 2. Nf3 Nc6 3. Bc4 Nf6 4. d3 Bc5 5. c3 d6 6. Bg5 a5 7. a4 0-0 8. Nbd2 Be6 9. 0-0 h6 10. Bh4 g5 11. Bg3 Kg7 12. Re1 Ba7 13. b3 Nd7 14. Nf1 Qf6 15. Ne3 Nb6 16. Nd5 Bxd5 17. exd5 Ne7 18. Nxe5 Nf5 19. d4 Nxg3 20. Ng4 Qg6 21. hxg3 Nxc4 22. bxc4 Rae8 23. Ne3 f5 24. g4 fxg4 25. Qxg4 Rf7 26. Re2 h5 27. Qg3 Ref8 28. Rae1 Rf4 29. Nd1 c6 30. Re7+ R8f7 31. Rxf7+ Kxf7 32. Qe3 Kg7 33. Qe8 Qxe8 34. Rxe8 cxd5 35. cxd5 Rf7 36. Ne3 b5 37. axb5 a4 38. Nc4 Rb7 39. Nxd6 Rd7 40. Nc4 Rb7 41. d6 Kf6 42. Rc8 Bb8 43. d7 Rxd7 44. Rxb8 Rc7 45. Ne3 a3 46. Nd5+ 1-0

[Event "Warsaw YMCA Winter-A 296th"]
[Site "Warsaw"]
[Date "2025.03.07"]
[Round "9"]
[White "Bobinski, Lukasz"]
[Black "Flis, Piotr"]
[Result "0-1"]
[WhiteElo "1841"]
[BlackElo "2022"]
[PlyCount "108"]
[EventDate "2025.01.10"]
[EventType "tourn"]
[EventRounds "11"]
[EventCountry "POL"]
[SourceTitle "CB14_2025"]
[SourceDate "2024.11.01"]
[SourceVersion "1"]
[SourceVersionDate "2024.11.01"]
[SourceQuality "1"]

1. c4 c6 2. g3 d5 3. Bg2 e5 4. cxd5 cxd5 5. d4 e4 6. Nc3 Nf6 7. Bg5 Nbd7 8. e3 h6 9. Bxf6 Nxf6 10. Qb3 Bg4 11. f3 Bf5 12. fxe4 dxe4 13. Nge2 Qd7 14. Rc1 Be7 15. 0-0 0-0 16. Nf4 Rfd8 17. Nb5 a6 18. Rc7 Qxb5 19. Rxe7 Qxb3 20. axb3 Rd7 21. Re5 Bh7 22. Rc5 g5 23. Ne2 Nd5 24. Bh3 Rd6 25. Kf2 Rf6+ 26. Ke1 Rxf1+ 27. Kxf1 Nxe3+ 28. Ke1 b6 29. Re5 Rd8 30. Kd2 Nd5 31. Nc3 Nb4 32. d5 Nc6 33. Re8+ Rxe8 34. dxc6 f5 35. c7 Rc8 36. Nd5 Kg7 37. Ke3 g4 38. Bf1 b5 39. Kf4 Bg8 40. Ne7 Rxc7 41. Nxf5+ Kf6 42. Nxh6 Be6 43. Be2 Rh7 44. Nxg4+ Bxg4 45. Bxg4 Rxh2 46. Kxe4 Rxb2 47. Bd1 Rb1 48. Bc2 Rg1 49. Kf4 Rc1 50. Be4 a5 51. g4 a4 52. g5+ Kg7 53. bxa4 bxa4 54. Ke3 a3 0-1

[Event "Warsaw YMCA Winter-A 296th"]
[Site "Warsaw"]
[Date "2025.02.13"]
[Round "6"]
[White "Rozycki, Bartlomiej"]
[Black "Bobinski, Lukasz"]
[Result "1/2-1/2"]
[WhiteElo "2099"]
[BlackElo "1841"]
[PlyCount "85"]
[EventDate "2025.01.10"]
[EventType "tourn"]
[EventRounds "11"]
[EventCountry "POL"]
[SourceTitle "CB14_2025"]
[SourceDate "2024.11.01"]
[SourceVersion "1"]
[SourceVersionDate "2024.11.01"]
[SourceQuality "1"]

1. e4 e5 2. Nf3 Nc6 3. Bc4 Bc5 4. d3 Nf6 5. c3 d6 6. a4 a5 7. Be3 0-0 8. Bxc5 dxc5 9. 0-0 h6 10. Nbd2 Qd6 11. Nh4 Ne7 12. Qf3 Bg4 13. Qe3 Nh5 14. g3 Bh3 15. Rfe1 g5 16. Nf5 Nxf5 17. exf5 Bxf5 18. Qxe5 Bg6 19. Qxd6 cxd6 20. Re7 Rab8 21. Rae1 Nf6 22. f3 Rfe8 23. Kf2 Kf8 24. Rxe8+ Rxe8 25. Rxe8+ Kxe8 26. Bb5+ Ke7 27. Nc4 Bxd3 28. Nxa5 Bxb5 29. axb5 b6 30. Nc4 Nd7 31. Ne3 Ke6 32. g4 d5 33. Nf5 Ne5 34. b3 f6 35. Ke3 Nf7 36. f4 Nd6 37. Nxd6 Kxd6 38. c4 d4+ 39. Ke4 gxf4 40. Kxf4 Ke6 41. Ke4 Kd6 42. b4 Ke6 43. bxc5 1/2-1/2